Entry Nombre personal
001 - NÚMERO DE CONTROL
- campo de control: 133067
003 - IDENTIFICADOR DE NÚMERO DE CONTROL
- campo de control: SpMaBN
005 - FECHA Y HORA DE LA ÚLTIMA TRANSACCIÓN
- campo de control: 20250814043838.0
008 - ELEMENTOS DE DATO DE LONGITUD-FIJA
- campo de control de longitud fija: 010723n| aijnnaabn |n aac
016 ## - NÚMERO DE CONTROL DE UNA AGENCIA BIBLIOGRÁFICA NACIONAL
- Número de control del registro: BNE20011927863
040 ## - FUENTE DE CATALOGACIÓN
- Centro catalogador/agencia de origen: SpMaBN
- Lengua de catalogación: spa
- Centro/agencia transcriptor: SpMaBN
- Normas de descripción: rdc
- Convención/Normas de encabezamiento de materia/tesauro: embne
046 ## - FECHAS CON CODIFICACIÓN ESPECIAL
- Fecha de nacimiento: 1956
100 1# - ENCABEZAMIENTO-NOMBRE DE PERSONA
- Nombre de persona: Sáenz de Miera, Jesús,
- Fechas asociadas al nombre: 1956-
375 ## - GÉNERO/SEXO
- Género: Masculino
670 ## - FUENTE DE DATOS ENCONTRADOS
- Cita de la fuente: De obra "insigne" y "heroica" a "octava maravilla del mundo", 2001
- Información encontrada: port. (Jesús Sáenz de Miera) solapa (n. 1956, León; facultativo de Museos; doctor en Historia)
